00309nam a2200121Ia 4500008004100000041000800041082001500049100002200064245004000086260003700126300001700163365000700180240624s9999 xx 000 0 und d aeng a006.74 FIN aFINKELSTEIN CLIVE aBUILDING CORPORATE PORTALS WITH XML c2000aNew DelhibTata McGrawhill axxvii, : 529 cRS